01867nam a2200241 4500001000800000007000300008008004100011040000800052041000800060100004400068245012700112300002000239520103500259650001301294650002001307650002001327650001101347700004001358700003901398700004401437700003601481773010801517ESSALUDta t2026 pe ||||| |||| 00| 0 spa d aBMG aspa aPhilipps Alvarez, Andrea Lucianaeautor aEpidemiología de las leucemias en la población cubierta por el Fondo Intangible Solidario de Salud (FISSAL), 2022-2023 apáginas 25-31 aCaracterizar los diagnósticos de leucemia en la población cubierta por el Fondo Intangible Solidario de Salud (FISSAL) del Seguro Integral de Salud (SIS) en 2022-2023. Se realizó un estudio observacional y descriptivo, ejecutado con datos de fuente secundaria provenientes del FISSAL (SIS) del Perú que contiene registros de atenciones oncológicas del 2022 y 2023. Se analizaron 7 771 diagnósticos correspondientes a 5 443 pacientes; las leucemias agudas fueron las más prevalentes (65,1%) afectando principalmente a la población infantil, mientras que las leucemias crónicas mostraron un marcado predominio en la población adulta (80,6%). Se evidencian variaciones entre edad y región, además de una fuerte concentración de diagnósticos en la capital. Estos hallazgos resaltan la urgente necesidad de descentralizar la atención oncohematológica y mejorar la distribución equitativa de recursos para garantizar un diagnóstico oportuno y un tratamiento efectivo en todas las ciudades del país. aLEUCEMIA aEPIDEMIOLOGÍA aSEGURO DE SALUD aPERÚ aCarrasco Villa, Lady Maribeleautor aZavala Alata, Sonia Nataliaeautor aRolando Espinoza, Sophie Gwinetheautor aMacciotta Casassa, Mateoeautor0 022497dLima : IETSIoCITES01tCiencia y Tecnología aplicada a la Salud PúblicawESSALUDx3119-7981